LEADER 03158oam 2200637I 450 001 9910450437503321 005 20200520144314.0 010 $a1-135-76757-2 010 $a1-280-26778-X 010 $a9786610267781 010 $a0-203-31029-2 024 7 $a10.4324/9780203310298 035 $a(CKB)1000000000248264 035 $a(EBL)254400 035 $a(OCoLC)475968737 035 $a(SSID)ssj0000114940 035 $a(PQKBManifestationID)11129969 035 $a(PQKBTitleCode)TC0000114940 035 $a(PQKBWorkID)10125111 035 $a(PQKB)11626377 035 $a(MiAaPQ)EBC254400 035 $a(PPN)198459718 035 $a(Au-PeEL)EBL254400 035 $a(CaPaEBR)ebr10163479 035 $a(CaONFJC)MIL26778 035 $a(OCoLC)824538176 035 $a(OCoLC)826514946 035 $a(EXLCZ)991000000000248264 100 $a20180706d2006 uy 0 101 0 $aeng 135 $aur|n|---||||| 181 $ctxt 182 $cc 183 $acr 200 10$aBritain's policy towards the European Community $eHarold Wilson and Britain's world role, 1964-1967 /$fHelen Parr 210 1$aLondon ;$aNew York :$cRoutledge,$d2006. 215 $a1 online resource (228 p.) 225 1 $aBritish foreign and colonial policy 300 $aDescription based upon print version of record. 311 $a0-7146-5614-3 320 $aIncludes bibliographical references (p. [207]-221) and index. 327 $aForeword / Michael Palliser -- Harold Wilson, Britain's world role and the European community, October 1964 to January 1965 -- Bridge-building and the empty chair : British policy towards the European community, February 1965 to February 1966 -- The politics of decision, March to October 1966 -- Free-wheeling with the general : the formation and conduct of the probe of the six, November 1966 to March 1967 -- Finding a role? : cabinet's acceptance of the European application, March to April 1967 -- The long haul to membership? : May to December 1967. 330 $aHarold Wilson's apparent volte-face on European Community membership in the autumn of 1966 has long puzzled commentators and Wilson's colleagues alike. Based on interviews, private papers and recently released evidence from the National Archives, this book provides a fresh interpretation of Wilson's policy towards the European Community.Studying the development of Britain's policy between 1964 when Harold Wilson took office, and 1967 when the French President General de Gaulle vetoed Britain's membership application for a second time, this book examines the rationale behind the Briti 410 0$aCass series--British foreign and colonial policy. 607 $aGreat Britain$xForeign relations$y1964-1979 607 $aEuropean Union countries$xForeign relations 607 $aGreat Britain$xForeign relations$zEurope 608 $aElectronic books. 676 $a327.4104/09/046 700 $aParr$b Helen$f1974-,$0901998 801 0$bFlBoTFG 801 1$bFlBoTFG 906 $aBOOK 912 $a9910450437503321 996 $aBritain's policy towards the European Community$92016481 997 $aUNINA LEADER 03038 am 2200577 n 450 001 9910416470203321 005 20200206 010 $a2-36781-340-X 024 7 $a10.4000/books.pulm.4376 035 $a(CKB)4100000010677919 035 $a(FrMaCLE)OB-pulm-4376 035 $a(oapen)https://directory.doabooks.org/handle/20.500.12854/41310 035 $a(PPN)243312776 035 $a(EXLCZ)994100000010677919 100 $a20200324j|||||||| ||| 0 101 0 $afre 135 $auu||||||m|||| 181 $ctxt$2rdacontent 182 $cc$2rdamedia 183 $acr$2rdacarrier 200 12$aL'art de gouverner chinois dans les périodiques de langue française de 1750 à 1789 /$fLi Ma 210 $aMontpellier $cPresses universitaires de la Méditerranée$d2020 215 $a1 online resource (286 p.) 311 $a2-36781-324-8 330 $aLe XVIIIe siècle ouvre une nouvelle ère dans l?histoire des échanges culturels franco-chinois. La Chine apparaît non seulement comme un pays mystérieux, qui inspire les auteurs de fiction, mais encore, aux yeux des philosophes, comme une nation qui mérite d?être étudiée. Ce livre porte sur un domaine jusqu?à présent peu exploré dans les travaux sur les échanges culturels entre la France et la Chine, à savoir la presse. L?empire chinois étant davantage évoqué dans les périodiques de la seconde partie du XVIIIe siècle, notre étude se concentre sur une période de 40 ans, de 1750-1789, ce qui nous permet de dégager et d?analyser les opinions beaucoup plus variées par rapport à celles formulées dans la première moitié du siècle. Nous nous intéressons donc principalement à l?un des objets qui occupent le plus les rédacteurs, et sans doute celui qui les conduit à formuler les opinions les plus variées : l?art de gouverner chinois. Nous avons étudié, d?une part, les représentations de l?art de gouverner chinois dans les périodiques, leur formation, leur évolution, ainsi que leur réception dans la société française ; et d?autre part, le rôle d?intermédiaire culturel joué par les périodiques dans la transmission des connaissances et des opinions concernant la Chine. 606 $aLiterature (General) 606 $aChine 606 $aFrance 606 $aXVIIIe siècle 606 $apériodiques 606 $aart de gouverner 606 $aéchanges culturels 610 $aXVIIIe siècle 610 $aéchanges culturels 610 $apériodiques 610 $aChine 610 $aFrance 610 $aart de gouverner 615 4$aLiterature (General) 615 4$aChine 615 4$aFrance 615 4$aXVIIIe siècle 615 4$apériodiques 615 4$aart de gouverner 615 4$aéchanges culturels 700 $aMa$b Li$01229060 801 0$bFR-FrMaCLE 906 $aBOOK 912 $a9910416470203321 996 $aL'art de gouverner chinois dans les périodiques de langue française de 1750 à 1789$93034656 997 $aUNINA